000
00292nam a22001337a 4500
008
180315b xxu||||| |||| 00| 0 eng d
020
_a
9780495987710
041
_a
eng
080
_a
33
100
_a
57
101
_a
BIZ
245
_a
Software tools for business
_c
Shelly
942
_2
udc
_c
BK
999
_c
45119
_d
45119